Регионална библиотека "Любен Каравелов" - Русе

Избранные произведения (Запис номер 426954)

MARC детайли
000 -Лидер
Контролно поле с фиксирана дължина nam a22 a 4500
003 - Код на организацията, давaща контролен номер
Контролно поле BLK
005 - Дата и час на последна редакция
Контролно поле 20210805135249.0
008 - Елементи от данни с фиксирана дължина
fixed length control field 210805b bu |||||r|||| 00| | bu d
040 ## - Източник на каталожния запис
Идентификатор на билиотеката - собственик на записа BLK
041 ## - Код за език
Код за езика на текст/звукозапис или на отделно заглавие Руски
Код за езика КДБФ Руски
080 ## - УДК
Текстов определител УДК Френска литература
УДК код - определител по УДК 821.133.1
УДК определител (081.2)
УДК - код + определител 821.133.1(081.2)
100 ## - Редна дума - Автор
R(LIN) 1299
Автор Мопассан, Ги де
Авторска отговорност първи автор
139 ## - Редно поле
Редна дума Мопассан, Ги де
245 ## - Сведения за заглавието
Заглавие Избранные произведения
Подзаглавни данни В 2 т.; Пер. с фр.; Т. 1-
Редно поле (дума) Ги де Мопассан
Том Т. 1. Жизнь; Милый друг; Монт-Ориоль
260 ## - Област на издателските данни
9 (RLIN) 438196
Място на издаване, разпространение и проч. Москва
Име на издателя, разпространителя и проч. Гослитиздат
Година на издаване 1951
300 ## - Физическа характеристика
Размери/Мащаб 21 см
380 ## - Жанр
Жанр Худож. лит.
700 ## - Други автори (авторска отговорност)
9 (RLIN) 958
Лично име Хуцишвили, Н.
Автороска отговорност (Описва отношението между автора и произведението) послесл.
760 ## - Описание на основната серия
Редна дума на основното описание Мопассан, Ги де
Място на издаване, издател и година Москва, 1951
Страници - том 763 с., 1 л. портр.
Част - том Т. 1 Жизнь; Милый друг; Монт-Ориоль
999 ## - СИСТЕМНИ КОНТРОЛНИ НОМЕРА
Koha biblionumber 426954
Koha biblioitemnumber 426954
942 ## - АРТИКУЛИ
Вид на библиотечния материал Книги
Скрит в OPAC Не
Периодичен библиозапис Да
999 ## - СИСТЕМНИ КОНТРОЛНИ НОМЕРА
Koha biblioitemnumber 426954
Наличности
Код за отписване Код за изгубен артикул Източник на класификационната схема Код за повреда Коз за рестрикции Код за отдаване Артикулен № Име на библиотеката - собственик Име на библиотеката, в която се намира в момента Статус (Текущо местоположение) Дата на вписване в системата Местоположение - отдел Цена в лева Инвентарен номер Систематично азбучна сигнатура Баркод Цена в евро Служебен тип на артикула
  Не е изгубен Universal Decimal Classification Не е повреден само за читалня ползва се в читалня 847139 Регионална библиотека "Любен Каравелов" Русе Регионална библиотека "Любен Каравелов" Русе Хранилище 2021-08-06 Основен фонд - ползва се само за читалня 0.83 37552-І Цб 8.205.37552 900000072553 0.42 Книги
Vip Innovations Ltd, Rousse, Bulgaria 2025